Indovina la nazione dal personaggio famoso parte 7 - Statistics

Statistiche generali
  • Questo quiz è stato fatto 153 volte
  • Il punteggio medio è 16 su 20
Statistiche sulle risposte
PERSONAGGIO FAMOSO NAZIONE % Corretto
Giovanna d'Arco Francia
100%
Regina Vittoria Regno Unito
97%
Dmitri Mendeleev Russia
95%
Martin Lutero Germania
94%
Vasco da Gama Spagna
92%
Aristotele Onassis Grecia
88%
Franz Joseph Haydn Austria
83%
Hans Christian Andersen Danimarca
83%
Ingvar Kamprad Svezia
83%
Roald Amundsen Norvegia
82%
Eva Peron Argentina
81%
Leopoldo I Belgio
79%
Piet Mondrian Olanda/Paesi Bassi
77%
Jonathan Swift Irlanda
76%
Pancho Villa Messico
74%
Eulero Svizzera
72%
Ranieri III Monaco
66%
Gregor Mendel Repubblica Ceca
62%
Erno Rubik (inventore del cubo di rubik) Ungheria
59%
Elias Canetti Bulgaria
43%
Nessun quiz corrispondente trovato
Distribuzione punteggi
Percentuale di utenti per punteggio
Percentile per numero di risposta
I tuoi punteggi nel tempo
Non hai fatto questo quiz